000 00868nas a2200313 4500
001 BR0105071
003 BR-BrBNA
005 20231205102453.0
007 ta
008 230509b bl.|||p| |||| 00| 00por d
040 _aBR-BrBNA
_bpor
_cBiblioteca Nacional de Agricultura
041 _a(Pt)
072 _aL70
100 1 _aAraujo, L.F.
100 1 _aCafe, M.B.
100 1 _aJunqueira, O.M.
100 1 _aAraujo, C.S.S.
100 1 _aMogyca, N.S.S.
100 1 _aCunha, M.I.R.
245 1 _aDiferentes niveis de debicagem para frangas comerciais
650 _aPoedeira Comercial
650 _aDebicagem
650 _aRacao
650 _aNutricao Animal
650 _aGanho de Peso
773 0 _tARS Veterinaria (Brazil)
_xISSN 0102-6380
_g(2000), v. 16(1) p. 46-51
_wBR0105071
909 _a202311
_bLúcia
_c55
_dLúcia Elande
942 _2AGRIS
_n0
_cANA
999 _c167732
_d167732